000 00303pam a2200133 a 4500
020 _a0-03-031389-9
_c
041 _h
082 _a336
_bHYM
100 _aHYMAN D.N.,
245 _aPUBLIC FINANCE
_hTextual Documents
260 _aLONDON
_bTHE DRYDEN PRESS
_c1990
300 _aXXIII+689
930 _a7184
999 _c126647
_d126647